000 01171 a2200253 4500
001 23693
005 20260407155523.0
008 260407a2002 arg spa d
003 AR-UNSa-BCEJYS
040 _aAR-UNSa-BCEJYS
_bspa
_cAR-UNSa-BCEJYS
080 _a658.3
_xPersonal. Relaciones humanas en la empresa (Recursos Humanos)
245 1 0 _aGestión administrativa del personal
020 _a978-84-9732-089-4
264 1 _aMadrid :
_bThomson
_c2002
300 _a239 p.
_c30 cm.
505 _a1. El departamento de personal en la empresa - 2. introducción al derecho del trabajo - 3. El contrato de trabajo - 4. Tipos de contrato - 5. La seguridad social - 6. El salario - 7. La participación de los trabajadores en la empresa - 8. Modificación, suspensión del contrato y extinción del contrato de trabajo - 9. Simulación.
041 _aspa
942 _cBK
590 _aniveau_biblio:m niveau_hierar:0
100 1 _aEna Ventura, Belen
700 1 _aDelgando Gonzalez, Susana
700 1 _aEna Ventura, Teresa
856 4 1 _uhttps://biblioeco.unsa.edu.ar/pmb/images/libros/Gestion administrativa de personal-l116388.jpg
_yImagen de portada
_qimage/jpeg
999 _c1118
_d1118